000 00517nab a2200145Ia 4500
003 ES-SlBCS
005 20210601125305.0
008 140529s2000 xxu||||| |||| 00| 0 eng d
041 _aeng
100 1 _aCohen, Jonathan
_9156372
245 0 0 _aAnalyticity and Katz's New Intensionalism: or, If You Sever Sense from Reference, Analyticity is Cheap but Useless
_c Jonathan Cohen
600 1 4 _aKatz, J.
_9156373
773 0 _tPhilosophy and Phenomenological Research
_gvol. 61, 2000, págs. 115-135
_wRev1411
942 _cAR
999 _c527922
_d527922